Die 10 größten Städte Österreichs - Statistiken

Allgemein
  • Dieses Quiz wurde 77 mal gespielt
  • Das Durchschnittsergebnis liegt bei 7 aus 10
Antwortstatistiken
Hint Antwort % Korrekt
157.659 Salzburg
100%
2.028.289 Wien
100%
132.499 Innsbruck
97%
305.314 Graz
91%
213.557 Linz
87%
105.256 Klagenfurt am Wörthersee
71%
59.767 St. Pölten
56%
65.749 Villach
50%
52.108 Dornbirn
41%
65.482 Wels
40%
Keine übereinstimmenden Quizze gefunden
Verteilung der Resultate
Anzahl Personen mit jedem Resultat
Perzentil nach korrekt beantworteten Fragen
Ihre Resultats-Entwicklung
Sie haben dieses Quiz noch nicht gespielt